| 000 | 00346nam a2200133Ia 4500 | ||
|---|---|---|---|
| 008 | 240624s9999 xx 000 0 und d | ||
| 041 | _aeng | ||
| 082 | _a658.7 AIL | ||
| 100 | _aAILAWADI SATISH C | ||
| 245 | _aLOGISTICS MANAGEMENT | ||
| 260 |
_c2007 _aNew Delhi _bPrentice-Hall of India |
||
| 300 | _axvii, : 166 : p. : cm. ; 23 | ||
| 365 |
_cRS _b36 |
||
| 999 |
_c7556 _d7556 |
||